00666 2200277 4500001002100000005001500021035002000036001002100056005001500077035002000092035002000112035002000132245002700152100001800179250001100197300002500208700001700233260003200250082001200282084001800294020002200312650001000334600002200344990001100366990001100377INLIS00000000000177820241209015456 a0010-1224000031INLIS00000000000177520241209012906 a0010-1224000030 a0010-1224000029 a0010-12240000281 a11:11 /cFiersa Besari0 aFiersa Besari acet. 8 aVI, 302 hlm ;c19 cm0 aJuliagar R.N aJakarta :bMediakita,c2019 a899.221 a899.221 FIE s a978-979-794-596-5 4aNovel 4aPengembangan Diri a003695 a003696